| 000 | 00444nam a22001817a 4500 | ||
|---|---|---|---|
| 003 | CEME | ||
| 005 | 20210628203433.0 | ||
| 008 | 210122b xxu||||| |||| 00| 0 eng d | ||
| 020 | _a0-8247-0496-7 | ||
| 040 | _cceme | ||
| 082 | _a621.3824 WEI | ||
| 100 |
_aWeiner, Melvin M _9606 |
||
| 245 | _aMonopole antennas | ||
| 260 |
_aNEW YORK _bMARCEL DEKKER _c2003 |
||
| 300 | _aXX,740 P | ||
| 650 |
_aMONOPOLE ANTENNAS _965460 |
||
| 942 |
_cBK _2ddc |
||
| 999 |
_c573660 _d573660 |
||